MATLAB tvorba uživatelských aplikací

Saved in:
Bibliographic Details
Main Authors: Zaplatílek, Karel, Doňar, Bohuslav (Author)
Format: Book
Language:Czech
Published: Praha BEN 2004
Edition:1. vyd.
Online Access:View in OPAC
Tags: Add Tag
No Tags, Be the first to tag this record!

MARC

LEADER 00000nam a2200000 a 4500
005 20260127134107.0
008 061213s2004 xo cze d
020 |a 8073001330 (brož.)  |c 394.00  |z 9788073001339 
035 |a vtls008928773 
035 |a LMAOSK27970 
039 9 |a 201901071346  |b msvkpo04  |c 200701071724  |d VLOAD  |y 200612271723  |z VLOAD 
040 |a LMAOSK  |b slo  |c LMAOSK 
041 0 |a cze 
080 |a 681.3.06 
100 1 |a Zaplatílek, Karel 
245 1 |a MATLAB  |b tvorba uživatelských aplikací  |c Karel Zaplatílek 
250 |a 1. vyd. 
260 |a Praha  |b BEN  |c 2004 
300 |a 215 s. brož. 
700 1 |a Doňar, Bohuslav  |4 aut 
910 |a lmaosk 
919 |a 80-7300-133-0 
999 |c 3926  |d 3926